On This Day: April 19th II Quiz Stats

 Plays Quiz Updated Apr 19, 2018

Challenge
Share
Tweet
Embed
Score 0/7 Timer 03:00
0 Plays Today
Question Answer Wrong Answers
This woman, the last Queen of France before the French Revolution, marries Louis XVI of France in a proxy wedding.
1770
Marie Antoinette
96.4%
Madame du Barry
1.7%
Maria Theresa
1.3%
Maria Carolina
0.6%
This American actress marries Prince Rainier of Monaco, thus becoming Princess consort of Monaco.
1956
Grace Kelly
91.5%
Rita Hayworth
1.5%
Elizabeth Taylor
3.9%
Sophia Loren
2.1%
This man is sentenced to death (later commuted to life imprisonment) for conspiracy in the Tate-LaBianca murders in California.
1971
Charles Manson
87.4%
Ted Bundy
8.5%
Gary Ridgway
1.2%
Dennis Rader
1.5%
A fire breaks out at the Branch Davidian complex in Waco, Texas, ending a 51-day FBI siege, and resulting in the deaths of 76 members, including Branch Davidian leader ______.
1993
David Koresh
82.2%
Jim Jones
10.2%
Marshall Applewhite
4.4%
Lois Roden
1.8%
This English actor, known for portraying Dr. Frank-N-Furter in ‘The Rocky Horror Picture Show’ and Pennywise the Dancing Clown in the horror miniseries ‘It’, is born.
1946
Tim Curry
81.2%
Hugh Laurie
5.7%
Colin Firth
3.6%
Jeremy Irons
8.7%
John Adams secures the ______ Republic's recognition of the United States as an independent government, and his house in The Hague becomes the first American embassy.
1782
Dutch
71.3%
French
25.5%
Italian
0.9%
Russian
2%
Students in ______ hold a nationwide pro-democracy protest against president Syngman Rhee, eventually forcing him to resign.
1960
South Korea
64.8%
Vietnam
24.6%
Japan
3%
China
6.5%

You're not logged in!

Compare scores with friends on all Sporcle quizzes.
OR
Log In

You Might Also Like...

Show Comments

Extras

Top Quizzes Today


Score Distribution

Your Account Isn't Verified!

In order to create a playlist on Sporcle, you need to verify the email address you used during registration. Go to your Sporcle Settings to finish the process.

Report this User

Report this user for behavior that violates our Community Guidelines.

Details: